|
|
|
|
| LEADER |
00000nam0a2200000 4500 |
| 001 |
322291 |
| 005 |
20231102003447.0 |
| 010 |
|
|
|a 9785883372710
|
| 035 |
|
|
|a (RuTPU)RU\TPU\book\347847
|
| 035 |
|
|
|a RU\TPU\book\328529
|
| 035 |
|
|
|a RU\TPU\book\328529
|
| 090 |
|
|
|a 322291
|
| 100 |
|
|
|a 20160923d2016 m y0rusy50 ca
|
| 101 |
0 |
|
|a rus
|
| 102 |
|
|
|a RU
|
| 105 |
|
|
|a a j 000zy
|
| 200 |
1 |
|
|a Наше время. Учебник русского языка для иностранцев (элементарный уровень А1)
|f Э. И. Иванова [и др.]
|
| 205 |
|
|
|a 6-е изд., стер.
|
| 210 |
|
|
|a Москва
|c Русский язык. Курсы
|d 2016
|
| 215 |
|
|
|a 216 с.
|c ил.
|e CD-ROM
|
| 330 |
|
|
|a Настоящий учебник является первым в серии «Наше время» и предназначен для иностранцев, приступающих к изучению русского языка.Учебник состоит из 10 уроков. Он рассчитан на 80 и более аудиторных часов и соответствует требованиям «Лингводидактической программы по русскому языку как иностранному» (авт. З.И. Есина и др., М., 2010), допущенной УМО вузов России по педагогическому образованию в качестве основного документа. Материал, представленный в книге, позволяет сформировать у иностранного учащегося умения и навыки, необходимые для элементарного общения на русском языке.Учебник предназначен для работы под руководством преподавателя.
|
| 512 |
1 |
|
|a Наше время. Учебник по русскому языку как иностранному (элементарный уровень)
|
| 606 |
1 |
|
|a Русский язык
|x Для других народов
|x Учебные руководства и пособия
|2 stltpush
|3 (RuTPU)RU\TPU\subj\26400
|9 50340
|
| 610 |
1 |
|
|a лексика
|
| 610 |
1 |
|
|a грамматика
|
| 610 |
1 |
|
|a разговорная речь
|
| 610 |
1 |
|
|a упражнения
|
| 610 |
1 |
|
|a CD-ROM
|
| 686 |
|
|
|a Ш141.2-96
|v LBC/SL-A
|2 rubbk
|
| 701 |
|
1 |
|a Иванова
|b Э. И.
|g Эльза Ивановна
|
| 701 |
|
1 |
|a Медведева
|b С. В.
|g Софья Владиславовна
|
| 701 |
|
1 |
|a Алёшичева
|b Н. Н.
|g Наталья Николаевна
|
| 701 |
|
1 |
|a Богомолова
|b И. А.
|g Ирина Александровна
|
| 801 |
|
1 |
|a RU
|b 63413507
|c 20150901
|
| 801 |
|
2 |
|a RU
|b 63413507
|c 20161003
|g RCR
|
| 900 |
|
|
|a Русский язык как иностранный
|
| 942 |
|
|
|c BK
|
| 959 |
|
|
|a 49/20160705
|d 5
|e 0
|f УФ:5
|